Statistics for US States Starting with N in Alphabetic Order

Click here to take the quiz!

General Stats

  • This quiz has been taken 21 times
  • The average score is 7 of 8

Answer Stats

state% Correct
Nebraska
100%
Nevada
82%
New Hampshire
82%
New Mexico
82%
New York
82%
North Carolina
82%
North Dakota
82%
New Jersey
76%

Score Distribution

Percentile by Number Answered

Percent of People with Each Score

Your Score History

You have not taken this quiz